000 00332 a2200157 4500
001 188540
020 _a85-268-0621-1
040 _cMagnum
100 _aAlvarenga, Manuel InĂ¡cio da Silva
240 1 0 _aO desertor
_lpor
245 1 0 _aO desertor
300 _a166
362 0 _a2010
697 _aLITERATURA GERAL
942 _cBK
999 _c188540
_d188540